|
|
|
|
| LEADER |
01826nam a2200469 i 4500 |
| 001 |
EBC7252688 |
| 003 |
MiAaPQ |
| 005 |
20230620074140.0 |
| 006 |
m o d | |
| 007 |
cr cnu|||||||| |
| 008 |
230620s2024 enk ob 001 0 eng d |
| 020 |
|
|
|z 9781032387017
|q (print)
|
| 020 |
|
|
|a 9781000915075
|q (electronic bk.)
|
| 035 |
|
|
|a (MiAaPQ)EBC7252688
|
| 035 |
|
|
|a (Au-PeEL)EBL7252688
|
| 035 |
|
|
|a (OCoLC)1380466308
|
| 040 |
|
|
|a MiAaPQ
|b eng
|e rda
|e pn
|c MiAaPQ
|d MiAaPQ
|
| 043 |
|
|
|a a-cb---
|
| 050 |
|
4 |
|a HF1019
|b .P753 2024
|
| 082 |
0 |
|
|a 332.54
|2 23
|
| 100 |
1 |
|
|a Pribble, Scott,
|e author.
|
| 245 |
1 |
4 |
|a The Barter Economy of the Khmer Rouge Labor Camps /
|c Scott Pribble.
|
| 264 |
|
1 |
|a Milton Park, England :
|b Routledge,
|c [2024]
|
| 264 |
|
4 |
|c Ã2024
|
| 300 |
|
|
|a 1 online resource (x, 164 pages).
|
| 336 |
|
|
|a text
|b txt
|2 rdacontent
|
| 337 |
|
|
|a computer
|b c
|2 rdamedia
|
| 338 |
|
|
|a online resource
|b cr
|2 rdacarrier
|
| 490 |
1 |
|
|a The Cold War in Asia Series
|
| 504 |
|
|
|a Includes bibliographical references and index.
|
| 588 |
|
|
|a Description based on print version record.
|
| 590 |
|
|
|a Electronic reproduction. Ann Arbor, MI : ProQuest, 2018. Available via World Wide Web. Access may be limited to ProQuest affiliated libraries.
|
| 650 |
|
0 |
|a Barter.
|
| 650 |
|
0 |
|a Labor camps.
|
| 650 |
|
0 |
|a Political prisoners.
|
| 650 |
|
0 |
|a Political science.
|
| 651 |
|
0 |
|a Cambodia
|x Politics and government
|y 1975-1979.
|
| 655 |
|
4 |
|a Electronic books.
|
| 776 |
0 |
8 |
|i Print version:
|a Pribble, Scott.
|t Barter Economy of the Khmer Rouge Labor Camps.
|d Milton Park, England : Routledge, c2024
|h x, 164 pages
|k Cold War in Asia.
|z 9781032387017
|
| 797 |
2 |
|
|a ProQuest (Firm)
|
| 830 |
|
0 |
|a Cold War in Asia.
|
| 856 |
4 |
0 |
|u https://ebookcentral.proquest.com/lib/matrademy/detail.action?docID=7252688
|z Click to View
|